[Event "Belgrade-chT"]
[Site "Belgrade"]
[Date "2018.05.11"]
[Round "5"]
[White "Todorovic, Violeta"]
[Black "Ristic, Luka"]
[Result "0-1"]
[WhiteElo "2044"]
[BlackElo "1801"]
[PlyCount "98"]
[EventDate "2018.05.07"]
[EventType "team-swiss"]
[EventRounds "5"]
[EventCountry "SRB"]
[SourceTitle "CBM 184 Extra"]
[Source "ChessBase"]
[SourceDate "2018.06.28"]
[SourceVersion "1"]
[SourceVersionDate "2018.06.28"]
[SourceQuality "1"]
[WhiteTeam "Belgrade Bogoslov"]
[BlackTeam "Belgrade Crvena Zvezda"]
[WhiteTeamCountry "SRB"]
[BlackTeamCountry "SRB"]

1. Nf3 Nf6 2. c4 c5 3. Nc3 b6 4. g3 Bb7 5. Bg2 e6 6. 0-0 d6 7. d4 cxd4 8. Qxd4 a6 9. Bg5 Be7 10. Rfd1 Nbd7 11. Na4 Bc6 12. Nc3 0-0 13. Rac1 h6 14. Be3 Qb8 15. b4 b5 16. Qd3 Bxf3 17. exf3 Ne5 18. Qe2 Nxc4 19. f4 d5 20. Bd4 Qc7 21. Be5 Qd8 22. Rb1 Rc8 23. f5 Nxe5 24. Qxe5 Ng4 25. Qe2 Nxf2 26. Rdc1 Bg5 27. Qxf2 Bxc1 28. Rxc1 d4 29. Ne2 d3 30. Rxc8 Qxc8 31. Nf4 Qc1+ 32. Qf1 d2 33. Bf3 Rc8 34. Nd3 Qxf1+ 35. Kxf1 Rc1+ 36. Kf2 d1Q 37. Bxd1 Rxd1 38. Nc5 exf5 39. Nxa6 Rd2+ 40. Ke3 Rxa2 41. Nc7 Rxh2 42. Nxb5 Rb2 43. Nd4 Rxb4 44. Nxf5 g6 45. Ne7+ Kf8 46. Nd5 Rg4 47. Kf3 Rd4 48. Nf6 h5 49. Ne4 Rb4 0-1

[Event "Belgrade-chT"]
[Site "Belgrade"]
[Date "2018.05.10"]
[Round "4"]
[White "Milic, Dragan"]
[Black "Todorovic, Violeta"]
[Result "0-1"]
[WhiteElo "2084"]
[BlackElo "2044"]
[PlyCount "86"]
[EventDate "2018.05.07"]
[EventType "team-swiss"]
[EventRounds "5"]
[EventCountry "SRB"]
[SourceTitle "CBM 184 Extra"]
[Source "ChessBase"]
[SourceDate "2018.06.28"]
[SourceVersion "1"]
[SourceVersionDate "2018.06.28"]
[SourceQuality "1"]
[WhiteTeam "Belgrade PTT"]
[BlackTeam "Belgrade Bogoslov"]
[WhiteTeamCountry "SRB"]
[BlackTeamCountry "SRB"]

1. d4 Nf6 2. Nf3 g6 3. c4 Bg7 4. g3 0-0 5. Bg2 c5 6. dxc5 Qa5+ 7. Nbd2 Qxc5 8. 0-0 Nc6 9. a3 Qb6 10. b4 d6 11. Bb2 Bf5 12. Re1 Ng4 13. c5 dxc5 14. Bxg7 cxb4 15. Bd4 Nxd4 16. Nxd4 Qxd4 17. e3 Qb2 18. h3 Ne5 19. Qc1 Qxc1 20. Rexc1 Rfd8 21. Nb3 bxa3 22. Rxa3 Rd3 23. Bf1 Rd7 24. Bb5 Rd6 25. Ra4 Bxh3 26. f4 Ng4 27. e4 a6 28. Be2 Rb6 29. Rc3 Rd8 30. e5 Nh6 31. Kf2 Be6 32. Nd4 Bd5 33. g4 Rb2 34. Ke3 f6 35. Rc7 fxe5 36. fxe5 Kf8 37. Ra1 Ke8 38. Rf1 Bg2 39. Re1 Rb4 40. Ne6 Rd5 41. Bc4 Rxe5+ 42. Kf2 Nxg4+ 43. Kxg2 Rxe1 0-1

[Event "Belgrade-chT"]
[Site "Belgrade"]
[Date "2017.10.28"]
[Round "8.6"]
[White "Mihajlovic, Milorad"]
[Black "Todorovic, Violeta"]
[Result "1-0"]
[WhiteElo "1950"]
[BlackElo "2051"]
[PlyCount "59"]
[EventDate "2017.10.01"]
[EventType "team-tourn"]
[EventRounds "11"]
[EventCountry "SRB"]
[SourceTitle "CBM 181 Extra"]
[Source "ChessBase"]
[SourceDate "2017.12.12"]
[SourceVersion "1"]
[SourceVersionDate "2017.12.12"]
[SourceQuality "1"]
[WhiteTeam "Vreoci Turbina"]
[BlackTeam "Bogoslov"]
[WhiteTeamCountry "SRB"]
[BlackTeamCountry "SRB"]

1. d4 Nf6 2. c4 g6 3. Nf3 Bg7 4. Nc3 0-0 5. g3 d6 6. Bg2 c5 7. 0-0 Nc6 8. d5 Na5 9. Qd3 a6 10. Nd2 Rb8 11. a3 Ng4 12. e3 b5 13. cxb5 axb5 14. Qe2 Ne5 15. Nxb5 Ba6 16. a4 Qb6 17. Rd1 c4 18. f4 Nd3 19. Nxc4 Nxc4 20. Rxd3 Bxb5 21. axb5 Qxb5 22. Ra7 Rb7 23. Rxb7 Qxb7 24. b3 Na5 25. Qa2 Ra8 26. b4 Qxb4 27. Bd2 Qb2 28. Ra3 Bc3 29. Qxb2 Bxb2 30. Rxa5 1-0

[Event "Belgrade-chT"]
[Site "Belgrade"]
[Date "2017.10.15"]
[Round "5.5"]
[White "Grcic, Vukasin"]
[Black "Todorovic, Violeta"]
[Result "0-1"]
[WhiteElo "2084"]
[BlackElo "2051"]
[PlyCount "84"]
[EventDate "2017.10.01"]
[EventType "team-tourn"]
[EventRounds "11"]
[EventCountry "SRB"]
[SourceTitle "CBM 181 Extra"]
[Source "ChessBase"]
[SourceDate "2017.12.12"]
[SourceVersion "1"]
[SourceVersionDate "2017.12.12"]
[SourceQuality "1"]
[WhiteTeam "Belgrade CC"]
[BlackTeam "Bogoslov"]
[WhiteTeamCountry "SRB"]
[BlackTeamCountry "SRB"]

1. e4 c5 2. Nf3 e6 3. d4 cxd4 4. Nxd4 Nc6 5. Nc3 d6 6. Be3 Nf6 7. Be2 Be7 8. 0-0 0-0 9. Kh1 Nxd4 10. Qxd4 e5 11. Qd2 Be6 12. Rad1 a6 13. f4 exf4 14. Bxf4 Qb6 15. Qe1 Rac8 16. b3 Qc6 17. Rd3 d5 18. exd5 Nxd5 19. Bf3 Nxf4 20. Bxc6 Nxd3 21. cxd3 Rxc6 22. Ne4 Rc2 23. Rf2 Rc7 24. Qe2 Rfc8 25. h3 Rc1+ 26. Kh2 Bd8 27. Qf3 h6 28. Re2 Bc7+ 29. g3 Rd8 30. Qe3 Rc6 31. Qf3 Bd5 32. Qf5 Rg6 33. Rg2 Bc6 34. h4 Bb5 35. Rf2 Rd7 36. h5 Re6 37. Qg4 Rxd3 38. a4 Bc6 39. Nf6+ Kh8 40. Qf5 Bxg3+ 41. Kh3 Bxf2+ 42. Qxd3 Re3+ 0-1

[Event "Belgrade-chT"]
[Site "Belgrade"]
[Date "2017.10.14"]
[Round "4.5"]
[White "Todorovic, Violeta"]
[Black "Marinkov, Svetislav"]
[Result "1/2-1/2"]
[WhiteElo "2051"]
[BlackElo "1830"]
[PlyCount "60"]
[EventDate "2017.10.01"]
[EventType "team-tourn"]
[EventRounds "11"]
[EventCountry "SRB"]
[SourceTitle "CBM 181 Extra"]
[Source "ChessBase"]
[SourceDate "2017.12.12"]
[SourceVersion "1"]
[SourceVersionDate "2017.12.12"]
[SourceQuality "1"]
[WhiteTeam "Bogoslov"]
[BlackTeam "Lasta"]
[WhiteTeamCountry "SRB"]
[BlackTeamCountry "SRB"]

1. Nf3 Nf6 2. c4 e6 3. g3 d5 4. Bg2 Be7 5. 0-0 0-0 6. d4 dxc4 7. Ne5 c5 8. dxc5 Bxc5 9. Nxc4 Qc7 10. Be3 Bxe3 11. Nxe3 Bd7 12. Nd2 Bc6 13. Nf3 Rd8 14. Qc2 Qe7 15. Rfd1 Be4 16. Qa4 Nc6 17. Rac1 Rxd1+ 18. Rxd1 Rd8 19. a3 h6 20. Nd4 Bxg2 21. Kxg2 Nxd4 22. Rxd4 Rxd4 23. Qxd4 b6 24. Qf4 Qb7+ 25. Kg1 b5 26. Qd6 Qc8 27. Qd4 a6 28. Kg2 Qc6+ 29. Kg1 Qc1+ 30. Kg2 Qc6+ 1/2-1/2

[Event "Belgrade tt Cup"]
[Site "Belgrade"]
[Date "2015.04.24"]
[Round "4.3"]
[White "Todorovic, Violeta"]
[Black "Maksic, Dusan"]
[Result "1-0"]
[WhiteElo "2066"]
[BlackElo "1974"]
[PlyCount "99"]
[EventDate "2015.04.20"]
[EventType "team-swiss"]
[EventRounds "5"]
[EventCountry "SRB"]
[SourceTitle "CBM 166 Extra"]
[Source "ChessBase"]
[SourceDate "2015.06.18"]
[SourceVersion "1"]
[SourceVersionDate "2015.06.18"]
[SourceQuality "1"]
[WhiteTeam "Bogoslov"]
[BlackTeam "Banjica"]
[WhiteTeamCountry "SRB"]
[BlackTeamCountry "SRB"]

1. Nf3 Nf6 2. c4 e6 3. g3 d5 4. Bg2 c6 5. b3 Be7 6. 0-0 0-0 7. d4 Nbd7 8. Qc2 Re8 9. Rd1 Nf8 10. Bb2 Ng6 11. Nbd2 Bd7 12. e4 dxe4 13. Nxe4 Nxe4 14. Qxe4 Bf6 15. Ne5 Qc7 16. Ng4 Be7 17. Qd3 Rad8 18. Qc3 Bf8 19. h4 b6 20. h5 Ne7 21. d5 Nf5 22. h6 cxd5 23. hxg7 Bxg7 24. Nf6+ Kh8 25. Nxe8 Bxe8 26. Qd2 d4 27. Qg5 h6 28. Qg4 Bc6 29. Qh3 Bxg2 30. Qxg2 e5 31. Qh3 Qd7 32. g4 Nd6 33. f3 f6 34. Bc1 Nf7 35. Kg2 Kg8 36. Rh1 d3 37. Bd2 Qd4 38. Rad1 Ng5 39. Bxg5 fxg5 40. Rd2 Qe3 41. Rhd1 Bf8 42. Qh5 Kg7 43. a3 Bxa3 44. Ra2 Rd7 45. Rh1 Bf8 46. Qxh6+ Kf7 47. Qh7+ Ke8 48. Qg6+ Rf7 49. Qc6+ Rd7 50. Qc8+ 1-0

[Event "Pozarevac Karaklajic Memorial (Women)"]
[Site "Pozarevac"]
[Date "2014.11.25"]
[Round "9"]
[White "Todorovic, Violeta"]
[Black "Stojkovska, Monika"]
[Result "0-1"]
[WhiteElo "2117"]
[BlackElo "2057"]
[PlyCount "70"]
[EventDate "2014.11.19"]
[EventType "tourn"]
[EventRounds "9"]
[EventCountry "SRB"]
[SourceTitle "CBM 163 Extra"]
[Source "ChessBase"]
[SourceDate "2014.12.23"]
[SourceVersion "1"]
[SourceVersionDate "2014.12.23"]
[SourceQuality "1"]

1. Nf3 Nf6 2. c4 e6 3. g3 d5 4. Bg2 Be7 5. 0-0 0-0 6. d4 dxc4 7. Ne5 c5 8. dxc5 Bxc5 9. Nxc4 Qc7 10. Qc2 Nc6 11. e3 Bd7 12. a3 b5 13. Na5 Nxa5 14. Bxa8 Rxa8 15. b4 Nc4 16. bxc5 Qxc5 17. Nd2 Bc6 18. Nxc4 bxc4 19. Bb2 Ne4 20. h4 c3 21. Bc1 Qf5 22. f3 Nxg3 23. Qxf5 Nxf5 24. e4 Nxh4 25. Bg5 Ng6 26. Rfc1 h6 27. Be3 Ne5 28. Kg2 f5 29. Bd4 Nxf3 30. Kxf3 Bxe4+ 31. Kf4 c2 32. Ra2 a6 33. Rb2 Rd8 34. Bc3 g5+ 35. Ke5 Kf7 0-1

[Event "Pozarevac Karaklajic Memorial (Women)"]
[Site "Pozarevac"]
[Date "2014.11.23"]
[Round "7"]
[White "Petrovic, Tijana"]
[Black "Todorovic, Violeta"]
[Result "0-1"]
[WhiteElo "1803"]
[BlackElo "2117"]
[PlyCount "62"]
[EventDate "2014.11.19"]
[EventType "tourn"]
[EventRounds "9"]
[EventCountry "SRB"]
[SourceTitle "CBM 163 Extra"]
[Source "ChessBase"]
[SourceDate "2014.12.23"]
[SourceVersion "1"]
[SourceVersionDate "2014.12.23"]
[SourceQuality "1"]

1. Nf3 Nf6 2. c4 g6 3. Nc3 Bg7 4. e4 d6 5. d4 0-0 6. Be2 Na6 7. 0-0 e5 8. d5 Nc5 9. Qc2 a5 10. b3 Nh5 11. Bg5 f6 12. Be3 Nf4 13. Ne1 f5 14. f3 Nxe2+ 15. Qxe2 Qh4 16. Bf2 Qg5 17. Nd3 fxe4 18. fxe4 Bg4 19. Qc2 Nxd3 20. Qxd3 Bh6 21. Nb5 Rf7 22. c5 Qh5 23. Nc3 Raf8 24. cxd6 cxd6 25. Bg3 Qg5 26. Rfe1 Qd2 27. Qc4 Be3+ 28. Kh1 Bd4 29. Rac1 Bxc3 30. Qxc3 Qxc3 31. Rxc3 Rf1+ 0-1

[Event "Pozarevac Karaklajic Memorial (Women)"]
[Site "Pozarevac"]
[Date "2014.11.20"]
[Round "2"]
[White "Todorovic, Violeta"]
[Black "Milosevic, Jovana"]
[Result "0-1"]
[WhiteElo "2117"]
[BlackElo "1989"]
[PlyCount "78"]
[EventDate "2014.11.19"]
[EventType "tourn"]
[EventRounds "9"]
[EventCountry "SRB"]
[SourceTitle "CBM 163 Extra"]
[Source "ChessBase"]
[SourceDate "2014.12.23"]
[SourceVersion "1"]
[SourceVersionDate "2014.12.23"]
[SourceQuality "1"]

1. Nf3 d5 2. c4 c6 3. e3 Nf6 4. Nc3 e6 5. Qc2 Nbd7 6. d4 Be7 7. Be2 dxc4 8. Bxc4 b5 9. Bd3 Bb7 10. a4 b4 11. Ne4 Qa5 12. 0-0 0-0 13. Nfd2 Ba6 14. Nc4 Qd5 15. Nxf6+ Nxf6 16. Bd2 c5 17. e4 Qxd4 18. Be3 Qd7 19. e5 Bxc4 20. Qxc4 Nd5 21. Qe4 g6 22. Bh6 Rfd8 23. Rfd1 Qc7 24. h4 a5 25. h5 Nb6 26. hxg6 hxg6 27. b3 Rd4 28. Qe3 Nd5 29. Qg3 Bh4 30. Qf3 Qxe5 31. Be3 Rxd3 32. Rxd3 Qxa1+ 33. Kh2 Rc8 34. Qg4 Qe5+ 35. g3 Bf6 36. Kg2 Nxe3+ 37. Rxe3 Qd5+ 38. Rf3 Kg7 39. Qf4 Qd4 0-1

[Event "Belgrade-chT"]
[Site "Belgrade"]
[Date "2014.10.11"]
[Round "3"]
[White "Dinic, Dusan"]
[Black "Todorovic, Violeta"]
[Result "1-0"]
[WhiteElo "2254"]
[BlackElo "2117"]
[PlyCount "93"]
[EventDate "2014.10.04"]
[EventType "team-tourn"]
[EventRounds "13"]
[EventCountry "SRB"]
[SourceTitle "EXT 2015"]
[Source "ChessBase"]
[SourceDate "2014.11.20"]
[SourceVersion "1"]
[SourceVersionDate "2014.11.20"]
[SourceQuality "1"]

1. d4 Nf6 2. c4 g6 3. Nc3 Bg7 4. e4 d6 5. Nf3 0-0 6. Be2 Na6 7. 0-0 e5 8. h3 exd4 9. Nxd4 Nc5 10. Bf3 Ne6 11. Be3 Re8 12. Re1 Nxd4 13. Bxd4 Be6 14. b3 Nd7 15. Bxg7 Kxg7 16. Rc1 Qg5 17. Nb5 Rac8 18. Nxa7 Ra8 19. Nb5 Rec8 20. h4 Qxh4 21. g3 Qf6 22. a4 Ne5 23. Bg2 Bg4 24. Qd2 Nf3+ 25. Bxf3 Bxf3 26. Qc3 Bg4 27. f3 Qxc3 28. Rxc3 Bd7 29. Nd4 Re8 30. Kf2 Re7 31. Rce3 Rae8 32. Nc2 Re5 33. Nb4 f5 34. Nd3 R5e7 35. e5 dxe5 36. Nxe5 Bc8 37. f4 Kf6 38. b4 b6 39. c5 bxc5 40. bxc5 Ba6 41. c6 h6 42. a5 g5 43. Nd7+ Kf7 44. Rxe7+ Rxe7 45. Nb8 Rxe1 46. Kxe1 Bb5 47. a6 1-0

[Event "Belgrade City-chT"]
[Site "Belgrade"]
[Date "2013.11.02"]
[Round "3"]
[White "Todorovic, Violeta"]
[Black "Dunjic, Dragan"]
[Result "0-1"]
[WhiteElo "2087"]
[BlackElo "2160"]
[PlyCount "77"]
[EventDate "2013.10.26"]
[EventType "team-tourn"]
[EventRounds "11"]
[EventCountry "SRB"]
[SourceTitle "EXT 2015"]
[Source "ChessBase"]
[SourceDate "2014.11.20"]
[SourceVersion "1"]
[SourceVersionDate "2014.11.20"]
[SourceQuality "1"]

1. Nf3 d5 2. c4 c6 3. e3 a6 4. Qc2 Nf6 5. b3 g6 6. Bb2 Bg7 7. Nc3 0-0 8. h3 Bf5 9. d3 b5 10. cxb5 cxb5 11. Be2 Qa5 12. 0-0 Rc8 13. Qd2 Nc6 14. a4 b4 15. Na2 Qc7 16. Rac1 Qd6 17. Rc2 e5 18. Rfc1 Bh6 19. Nxb4 Nxb4 20. Rxc8+ Bxc8 21. Bxe5 Qe7 22. Bxf6 Qxf6 23. Qxb4 Qb2 24. Re1 Bf8 25. Qb6 Be6 26. Nd4 Re8 27. Qxa6 Bg7 28. Nxe6 Rxe6 29. Qa8+ Bf8 30. Bf3 d4 31. Bd5 Qd2 32. Rf1 Rf6 33. exd4 Kg7 34. Qb8 Bd6 35. Qd8 Qf4 36. g3 Qf5 37. Be4 Qh5 38. Kg2 Qg5 39. Qe8 0-1

[Event "Belgrade-chT Quality"]
[Site "Belgrade"]
[Date "2012.10.31"]
[Round "9.4"]
[White "Todorovic, Violeta"]
[Black "Poleksic, Dusan"]
[Result "1-0"]
[WhiteElo "2107"]
[BlackElo "1829"]
[PlyCount "117"]
[EventDate "2012.10.13"]
[EventType "team-tourn"]
[EventRounds "11"]
[EventCountry "SRB"]
[SourceTitle "EXT 2019"]
[Source "ChessBase"]
[SourceDate "2018.10.10"]
[SourceVersion "1"]
[SourceVersionDate "2018.10.10"]
[SourceQuality "1"]

1. Nf3 c5 2. c4 e6 3. e3 d5 4. d4 Nf6 5. Nc3 Nc6 6. a3 a6 7. dxc5 Bxc5 8. b4 Ba7 9. Bb2 d4 10. exd4 Nxd4 11. c5 Nxf3+ 12. Qxf3 0-0 13. Rd1 Qe7 14. Bd3 e5 15. h3 Be6 16. 0-0 Rad8 17. Ne4 Bd5 18. Nxf6+ Qxf6 19. Qh5 g6 20. Qxe5 Qxe5 21. Bxe5 Bb3 22. Rd2 Rd5 23. Bd6 Re8 24. Re2 Rd8 25. Be4 R5xd6 26. cxd6 Bc4 27. Rd2 Bxf1 28. Kxf1 Rd7 29. Bxb7 Rxb7 30. d7 Bb6 31. d8Q+ Bxd8 32. Rxd8+ Kg7 33. Rd5 Rb6 34. Ke2 Kf6 35. Kd3 Ke6 36. Kc4 Rc6+ 37. Rc5 Rd6 38. Ra5 Rc6+ 39. Kd4 Rd6+ 40. Kc4 Rc6+ 41. Rc5 Rd6 42. f4 h5 43. Re5+ Kf6 44. Kc5 Rd3 45. a4 Rg3 46. Kb6 Rxg2 47. Kxa6 Rf2 48. Re4 Kf5 49. Rc4 Rxf4 50. Rxf4+ Kxf4 51. b5 Kg3 52. b6 Kxh3 53. b7 g5 54. b8Q g4 55. Kb5 g3 56. a5 h4 57. a6 g2 58. Qb6 Kh2 59. Qf2 1-0